TB. OF ELECTROTHERAPY (Record no. 1404)

MARC details
000 -LEADER
fixed length control field 00342nam a2200145Ia 4500
008 - FIXED-LENGTH DATA ELEMENTS--GENERAL INFORMATION
fixed length control field 150201s2012 xx 000 0 und d
082 ## - DEWEY DECIMAL CLASSIFICATION NUMBER
Classification number 615.845
Item number E12S
100 ## - MAIN ENTRY--PERSONAL NAME
Personal name SINGH, JAGMOHAN
245 ## - TITLE STATEMENT
Title TB. OF ELECTROTHERAPY
250 ## - EDITION STATEMENT
Edition statement 2ND
260 ## - PUBLICATION, DISTRIBUTION, ETC. (IMPRINT)
Name of publisher, distributor, etc. JAYPEE
Place of publication, distribution, etc. DELHI
Date of publication, distribution, etc. 2012
300 ## - PHYSICAL DESCRIPTION
Extent 1-324
650 ## - SUBJECT ADDED ENTRY--TOPICAL TERM
Topical term or geographic name as entry element PHYSIOTHERAPY
942 ## - ADDED ENTRY ELEMENTS (KOHA)
Source of classification or shelving scheme Dewey Decimal Classification
Koha item type Books
Koha issues (borrowed), all copies 65
Holdings
Withdrawn status Lost status Source of classification or shelving scheme Damaged status Not for loan Collection code Home library Current library Shelving location Date acquired Source of acquisition Cost, normal purchase price SGTU Bill Number Total Checkouts Full call number Barcode Date last seen Date last checked out Bill Date Koha item type Checked out
    Dewey Decimal Classification     MEDICAL SGT Medical Library SGT Medical Library Text Book 26/11/2012 ABC DELHI 450.00 SGTU 2954 14 615.845 E12S FM5091 14/06/2025 12/06/2025 26/12/2012 Books  
    Dewey Decimal Classification     MEDICAL SGT Medical Library SGT Medical Library Text Book 26/11/2012 ABC DELHI 450.00 SGTU 2954 20 615.845 E12S FM5092 31/01/2026 20/01/2026 26/12/2012 Books  
    Dewey Decimal Classification     MEDICAL SGT Medical Library SGT Medical Library Text Book 26/11/2012 ABC DELHI 450.00 SGTU 2954 20 615.845 E12S FM5093 14/06/2024 12/06/2024 26/12/2012 Books  
    Dewey Decimal Classification     MEDICAL SGT Medical Library SGT Medical Library Text Book 26/11/2012 ABC DELHI 450.00 SGTU 2954 24 615.845 E12S FM5094 03/06/2026 03/06/2026 26/12/2012 Books 17/06/2026
    Dewey Decimal Classification     MEDICAL SGT Medical Library SGT Medical Library Text Book 26/11/2012 ABC DELHI 450.00 SGTU 2954 50 615.845 E12S FM5095 13/04/2026 30/03/2026 26/12/2012 Books